Pengurusan projek binaan

Bibliographic Details
Main Author: Walker, Anthony
Other Authors: Abu Hassan Abu Bakar
Format: Book
Published: Pulau Pinang : USM , 1993
Edition:Edisi kedua
Subjects:

MARC

LEADER 00000cam a2200000 7i4500
001 0000004867
002 000005248
005 20000330.0
020 |a 9838610275 
090 0 0 |a 624.068   |b WAL 
100 1 |a Walker, Anthony 
245 1 0 |a Pengurusan projek binaan   |c Anthony Walker 
250 |a Edisi kedua 
260 |a Pulau Pinang :   |b USM ,   |c 1993 
300 |a 228p. ;   |c 22cm. 
650 0 0 |a Contruction industry   |x Management 
700 0 |a Abu Hassan Abu Bakar 
999 |a 034783   |b BUKU   |c PINJAMAN   |e PERPUSTAKAAN KOMUNITI PETALING JAYA 
999 |a 034784   |b BUKU   |c PINJAMAN   |e PERPUSTAKAAN KOMUNITI PETALING JAYA